Statistics for Actually Well known Marvel Characters quiz

Click here to take the quiz!

General Stats

  • This quiz has been taken 20 times
    (16 since last reset)
  • The average score is 68 of 140

Answer Stats

Hero% Correct
Captain America
100%
Groot
100%
Iron Man
100%
Spider Man
100%
Black Panther
94%
Black Widow
94%
Falcon
94%
Gamora
94%
Hawkeye
94%
Hulk
94%
Loki
94%
Rocket Raccoon
94%
Star Lord
94%
Doctor Strange
88%
Drax
88%
Professor X
88%
Thanos
88%
Thor
88%
Winter Soldier
88%
Wolverine
88%
Captain Marvel
81%
Green Goblin
81%
Invisible Woman
81%
Quicksilver
81%
Scarlet Witch
81%
Storm
81%
Thing
81%
War Machine
81%
Ant Man
75%
Beast
75%
Deadpool
75%
Human Torch
75%
Mantis
75%
Mister Fantastic
75%
Nick Fury
75%
Vision
75%
Wasp
75%
Wong
75%
Cyclops
69%
Daredevil
69%
Maria Hill
69%
Nebula
69%
Odin
69%
Sandman
69%
Shuri
69%
Yondu
69%
Iceman
63%
Jean Grey
63%
Magneto
63%
Ms Marvel
63%
Okoye
63%
Rogue
63%
She Hulk
63%
Valkyrie
63%
Venom
63%
Carnage
56%
Electro
56%
Elektra
56%
Mystique
56%
Pepper Potts
56%
Ultron
56%
Gambit
50%
Hela
50%
Iron Fist
50%
Jessica Jones
50%
Killmonger
50%
Korg
50%
Luke Cage
50%
Mary Jane Watson
50%
Blade
44%
Mysterio
44%
Red Hulk
44%
Shang Chi
44%
Sif
44%
Silver Surfer
44%
Vulture
44%
Baron Zemo
38%
Black Bolt
38%
Colossus
38%
Dr Octopus
38%
Galactus
38%
Ghost Rider
38%
Happy Hogan
38%
Kitty Pryde
38%
Moon Knight
38%
Phil Coulson
38%
Punisher
38%
Ronan
38%
Whiplash
38%
Heimdall
31%
Mandarin
31%
Miek
31%
Mordo
31%
Ned Leeds
31%
Adam Warlock
25%
Bishop
25%
Cable
25%
Crossbones
25%
Doctor Doom
25%
Emma Frost
25%
Havok
25%
Jubilee
25%
Nova
25%
Psylocke
25%
Rhino
25%
Sharon Carter
25%
Spider Woman
25%
Domino
19%
Howard the Duck
19%
Jane Foster
19%
Kingpin
19%
Miles Morales
19%
Namor
19%
Quake
19%
Toad
19%
White Tiger
19%
X23
19%
Agatha Harkness
13%
Bullseye
13%
Gwen Stacey
13%
Pyro
13%
Squirrel Girl
13%
Doc Octopus
6%
Hydro Man
6%
Klaw
6%
Night Nurse
6%
White Vision
6%
Yo yo
6%
Apocolyspe
0%
Archangel
0%
Fin Fang Foom
0%
Frankenstein
0%
Negasonic Teenage Warhead
0%
Prowler
0%
Rick Jones
0%
Sabretooth
0%
Scream
0%
Shocker
0%
Tazerface
0%

Score Distribution

Percentile by Number Answered

Percent of People with Each Score

Your Score History

You have not taken this quiz since the last reset